| 000 | 00476nam a2200169Ia 4500 | ||
|---|---|---|---|
| 008 | 230718s9999 xx 000 0 und d | ||
| 020 | _a9788184047486 | ||
| 041 | _aeng | ||
| 082 |
_a005.13'3 _bBIR |
||
| 100 |
_aBird S. _9170523 |
||
| 245 | _aNatural Language Processing With Python | ||
| 260 |
_c2019 _bO'Reilly /SPD |
||
| 300 | _a479 | ||
| 365 |
_cRs. _b550.00 |
||
| 700 |
_aBird S.; Klein E. & Loper E. _9190786 |
||
| 906 |
_dO:0032405-Oct-2009B:144107-Sep-2009 _cIT _b110 |
||
| 999 |
_c322673 _d322673 |
||